Els primers comtes-reis (Record no. 140016)
[ view plain ]
| 000 -LEADER | |
|---|---|
| campo de control de longitud fija | 00886nam a2200241 i 4500 |
| 001 - NÚMERO DE CONTROL | |
| campo de control | 140016 |
| 003 - IDENTIFICADOR DE NÚMERO DE CONTROL | |
| campo de control | ES-MaACL |
| 005 - FECHA Y HORA DE LA ÚLTIMA TRANSACCIÓN | |
| campo de control | 20260301183150.0 |
| 007 - CAMPO FIJO DE DESCRIPCIÓN FÍSICA--INFORMACIÓN GENERAL | |
| campo de control de longitud fija | t| |
| 008 - DATOS DE LONGITUD FIJA--INFORMACIÓN GENERAL | |
| campo de control de longitud fija | 070214s1960 sp r ||||1| cat d |
| 100 1# - ENTRADA PRINCIPAL--NOMBRE DE PERSONA | |
| Nombre de persona | Schramm, Percy Ernst. |
| 9 (RLIN) | 104685 |
| 245 14 - MENCIÓN DEL TÍTULO | |
| Título | Els primers comtes-reis |
| Resto del título | : Ramón Berenguer IV, Alfons el Cast, Pere el Catáolic / |
| Mención de responsabilidad, etc. | Percy Ernst Schramm, Joan F. Cabestany, Enric Bagué. |
| 250 ## - MENCION DE EDICION | |
| Mención de edición | 1ª. ed. |
| 260 ## - PUBLICACIÓN, DISTRIBUCIÓN, ETC. | |
| Lugar de publicación, distribución, etc. | Barcelona : |
| Nombre del editor, distribuidor, etc. | Teide, |
| Fecha de publicación, distribución, etc. | 1960. |
| 300 ## - DESCRIPCIÓN FÍSICA | |
| Extensión | 150 p., 1 lám. ; |
| Dimensiones | 21 cm. |
| 600 04 - PUNTO DE ACCESO ADICIONAL DE MATERIA--NOMBRE DE PERSONA | |
| Nombre de persona | Alfonso |
| Numeración | II, |
| Títulos y otros términos asociados al nombre | Rey de Aragón |
| 9 (RLIN) | 19865 |
| 600 07 - PUNTO DE ACCESO ADICIONAL DE MATERIA--NOMBRE DE PERSONA | |
| Nombre de persona | Ramón Berenguer |
| Numeración | IV, |
| Títulos y otros términos asociados al nombre | Conde de Barcelona, |
| Fechas asociadas al nombre | ca. 1114-1162 |
| Fuente del encabezamiento o término | |
| 9 (RLIN) | 161543 |
| 600 14 - PUNTO DE ACCESO ADICIONAL DE MATERIA--NOMBRE DE PERSONA | |
| Nombre de persona | Pedro |
| Numeración | II |
| Títulos y otros términos asociados al nombre | Rey de Aragón. |
| 9 (RLIN) | 161544 |
| 700 1# - ENTRADA AGREGADA--NOMBRE PERSONAL | |
| Nombre de persona | Bagué, Enric, |
| Fechas asociadas al nombre | 1900-1987 |
| 9 (RLIN) | 161547 |
| 700 0# - ENTRADA AGREGADA--NOMBRE PERSONAL | |
| Nombre de persona | Cabestany i Fort, Joan-F. |
| 9 (RLIN) | 33188 |
| 852 ## - LOCALIZACIÓN | |
| Ubicación | ES-MaACL |
| Número de control de estantería | C-17964 |
| Sublocalización o colección | R.45885 |
| Estatus retirado | Estado de pérdida | Estado de daño | No para préstamo | Biblioteca de origen | Biblioteca actual | Ubicación en estantería | Fecha de adquisición | Fuente de adquisición | Total de préstamos | Signatura topográfica completa | Código de barras | Visto por última vez | Precio de reemplazo | Tipo de ítem Koha |
|---|---|---|---|---|---|---|---|---|---|---|---|---|---|---|
| Biblioteca del Ateneo de Madrid | Biblioteca del Ateneo de Madrid | Galería | 17/01/2008 | C-17964 | 1145706 | 23/02/2023 | 23/02/2023 | Libro impreso |
